000
00295nam a22001337a 4500
008
181106b xxu||||| |||| 00| 0 eng d
020
_a
9780871013040
041
_a
eng
080
_a
710
100
_a
45
101
_a
EDU
245
_a
Repacaging Welfare State
_c
Pronab.CH
942
_2
udc
_c
BK
999
_c
51930
_d
51930